Liste des conservatoires nationaux et régionaux de musique - Statistiques

Statistiques générales
  • Ce quiz a été pris 27 fois
  • Le résultat moyen est 30 sur 46
Statistiques - réponses
Indice Ville % Correct
75 Conservatoire national Paris
100%
75 Conservatoire à rayonnement régional Paris
100%
06 Conservatoire à rayonnement régional Nice
96%
69 Conservatoire national Lyon
92%
69 Conservatoire à rayonnement régional Lyon
92%
13 Conservatoire à rayonnement régional Marseille
92%
33 Conservatoire à rayonnement régional Bordeaux
83%
14 Conservatoire à rayonnement régional Caen
83%
38 Conservatoire à rayonnement régional Grenoble
83%
59 Conservatoire à rayonnement régional Lille
83%
67 Conservatoire à rayonnement régional Strasbourg
83%
83 Conservatoire à rayonnement régional Toulon
83%
44 Conservatoire à rayonnement régional Nantes
79%
974 Conservatoire à rayonnement régional Saint-Denis
79%
78 Conservatoire à rayonnement régional Versailles
79%
57 Conservatoire à rayonnement régional Metz
75%
54 Conservatoire à rayonnement régional Nancy
75%
35 Conservatoire à rayonnement régional Rennes
75%
76 Conservatoire à rayonnement régional Rouen
75%
31 Conservatoire à rayonnement régional Toulouse
75%
80 Conservatoire à rayonnement régional Amiens
71%
29 Conservatoire à rayonnement régional Brest
67%
51 Conservatoire à rayonnement régional Reims
67%
42 Conservatoire à rayonnement régional Saint-Etienne
67%
66 Conservatoire à rayonnement régional Perpignan
63%
13 Conservatoire à rayonnement régional Aix-en-Provence
58%
49 Conservatoire à rayonnement régional Angers
58%
74 Conservatoire à rayonnement régional Annecy
58%
64 Conservatoire à rayonnement régional Bayonne
58%
25 Conservatoire à rayonnement régional Besançon
58%
63 Conservatoire à rayonnement régional Clermont-Ferrand
58%
94 Conservatoire à rayonnement régional Créteil
58%
21 Conservatoire à rayonnement régional Dijon
58%
34 Conservatoire à rayonnement régional Montpellier
58%
86 Conservatoire à rayonnement régional Poitiers
58%
37 Conservatoire à rayonnement régional Tours
54%
84 Conservatoire à rayonnement régional Avignon
50%
87 Conservatoire à rayonnement régional Limoges
50%
73 Conservatoire à rayonnement régional Chambéry
46%
95 Conservatoire à rayonnement régional Cergy-Pontoise
42%
92 Conservatoire à rayonnement régional Boulogne-Billancourt
33%
59 Conservatoire à rayonnement régional Douai
33%
93 Conservatoire à rayonnement régional Aubervilliers
29%
71 Conservatoire à rayonnement régional Chalon-sur-Saône
25%
92 Conservatoire à rayonnement régional Rueil-Malmaison
13%
94 Conservatoire à rayonnement régional Saint-Maur-des-Fossés
4%
Aucun quiz correspondant
Distribution des résultats
% des personnes avec chaque résultat
Percentile par nombre de réponses
Votre historique - résultats
Vous n’avez pas pris ce quiz